<?xml version="1.0" encoding="UTF-8"?>
<record
    xmlns:xsi="http://www.w3.org/2001/XMLSchema-instance"
    xsi:schemaLocation="http://www.loc.gov/MARC21/slim http://www.loc.gov/standards/marcxml/schema/MARC21slim.xsd"
    xmlns="http://www.loc.gov/MARC21/slim">

  <leader>01730nam a2200265 a 4500</leader>
  <controlfield tag="001">84384</controlfield>
  <controlfield tag="003">BD-RjUL</controlfield>
  <controlfield tag="005">20241128113941.0</controlfield>
  <controlfield tag="008">241128s2022    bg a|||| m||| 00| 0 ben d</controlfield>
  <datafield tag="035" ind1=" " ind2=" ">
    <subfield code="a">(BD-RjUL)84384</subfield>
  </datafield>
  <datafield tag="040" ind1=" " ind2=" ">
    <subfield code="a">BD-RjUL</subfield>
    <subfield code="b">ben/eng</subfield>
    <subfield code="c">BD-RjUL</subfield>
    <subfield code="d">BD-RjUL</subfield>
  </datafield>
  <datafield tag="041" ind1=" " ind2=" ">
    <subfield code="a">ben</subfield>
  </datafield>
  <datafield tag="082" ind1=" " ind2=" ">
    <subfield code="a">796.442</subfield>
    <subfield code="2">23</subfield>
    <subfield code="b">KAC 2022</subfield>
  </datafield>
  <datafield tag="100" ind1=" " ind2=" ">
    <subfield code="a">&#x995;&#x9BE;&#x9A6;&#x9C7;&#x9B0;, &#x9AE;&#x9C1;&#x9B9;&#x9BE;&#x9AE;&#x9CD;&#x9AE;&#x9A6; &#x986;&#x9AC;&#x9CD;&#x9A6;&#x9C1;&#x9B2;</subfield>
    <subfield code="9">14463</subfield>
  </datafield>
  <datafield tag="245" ind1="1" ind2="0">
    <subfield code="a">&#x99A;&#x9B2;&#x99A;&#x9CD;&#x99A;&#x9BF;&#x9A4;&#x9CD;&#x9B0;&#x995;&#x9BE;&#x9B0; &#x9A4;&#x9BE;&#x9B0;&#x9C7;&#x995; &#x9AE;&#x9BE;&#x9B8;&#x9C1;&#x9A6;&#x9C7;&#x9B0; &#x9B6;&#x9BF;&#x9B2;&#x9CD;&#x9AA; &#x9AD;&#x9BE;&#x9AC;&#x9A8;&#x9BE; /</subfield>
    <subfield code="c">&#x997;&#x9AC;&#x9C7;&#x9B7;&#x995; &#x9AE;&#x9C1;&#x9B9;&#x9BE;&#x9AE;&#x9CD;&#x9AE;&#x9A6; &#x986;&#x9AC;&#x9CD;&#x9A6;&#x9C1;&#x9B2; &#x995;&#x9BE;&#x9A6;&#x9C7;&#x9B0; ;</subfield>
    <subfield code="6">&#x9A4;&#x9A4;&#x9CD;&#x9A4;&#x9CD;&#x9AC;&#x9BE;&#x9AC;&#x9A7;&#x9BE;&#x9AF;&#x9BC;&#x995; : &#x98F;&#x9B8;. &#x98F;&#x9AE;. &#x99C;&#x9BE;&#x9B9;&#x9BF;&#x9A6; &#x9B9;&#x9CB;&#x9B8;&#x9C7;&#x9A8;</subfield>
  </datafield>
  <datafield tag="246" ind1=" " ind2=" ">
    <subfield code="a">Film Maker Tarque Masuds Artistic Thought /</subfield>
  </datafield>
  <datafield tag="260" ind1=" " ind2=" ">
    <subfield code="a">&#x9B0;&#x9BE;&#x99C;&#x9B6;&#x9BE;&#x9B9;&#x9C0; : </subfield>
    <subfield code="b">&#x997;&#x9CD;&#x9B0;&#x9BE;&#x9AB;&#x9BF;&#x995; &#x9A1;&#x9BF;&#x99C;&#x9BE;&#x987;&#x9A8;, &#x995;&#x9BE;&#x9B0;&#x9C1;&#x9B6;&#x9BF;&#x9B2;&#x9CD;&#x9AA; &#x993; &#x9B6;&#x9BF;&#x9B2;&#x9CD;&#x9AA;&#x995;&#x9B2;&#x9BE;&#x9B0; &#x987;&#x9A4;&#x9BF;&#x9B9;&#x9BE;&#x9B8; &#x9AC;&#x9BF;&#x9AD;&#x9BE;&#x997;, &#x9B0;&#x9BE;&#x99C;&#x9B6;&#x9BE;&#x9B9;&#x9C0; &#x9AC;&#x9BF;&#x9B6;&#x9CD;&#x9AC;&#x9AC;&#x9BF;&#x9A6;&#x9CD;&#x9AF;&#x9BE;&#x9B2;&#x9AF;&#x9BC;,</subfield>
    <subfield code="c">&#x9E8;&#x9E6;&#x9E8;&#x9E8;</subfield>
  </datafield>
  <datafield tag="300" ind1=" " ind2=" ">
    <subfield code="a">[&#x9AC;&#x9BE;&#x987;&#x9B8;], &#x9E9;&#x9E8;&#x9EE; &#x9AA;&#x9BE;&#x9A4;&#x9BE; :</subfield>
    <subfield code="b">&#x99A;&#x9BF;&#x9A4;&#x9CD;&#x9B0; ;</subfield>
    <subfield code="c">&#x9E8;&#x9EF; &#x9B8;&#x9C7;&#x9AE;&#x9BF;.</subfield>
  </datafield>
  <datafield tag="502" ind1=" " ind2=" ">
    <subfield code="a">&#x9A5;&#x9BF;&#x9B8;&#x9BF;&#x9B8; (&#x9AA;&#x9BF;&#x98F;&#x987;&#x99A;. &#x9A1;&#x9BF;.) -- &#x997;&#x9CD;&#x9B0;&#x9BE;&#x9AB;&#x9BF;&#x995; &#x9A1;&#x9BF;&#x99C;&#x9BE;&#x987;&#x9A8;, &#x995;&#x9BE;&#x9B0;&#x9C1;&#x9B6;&#x9BF;&#x9B2;&#x9CD;&#x9AA; &#x993; &#x9B6;&#x9BF;&#x9B2;&#x9CD;&#x9AA;&#x995;&#x9B2;&#x9BE;&#x9B0; &#x987;&#x9A4;&#x9BF;&#x9B9;&#x9BE;&#x9B8; &#x9AC;&#x9BF;&#x9AD;&#x9BE;&#x997;, &#x9B0;&#x9BE;&#x99C;&#x9B6;&#x9BE;&#x9B9;&#x9C0; &#x9AC;&#x9BF;&#x9B6;&#x9CD;&#x9AC;&#x9AC;&#x9BF;&#x9A6;&#x9CD;&#x9AF;&#x9BE;&#x9B2;&#x9AF;&#x9BC;, &#x9E8;&#x9E6;&#x9E8;&#x9E8;</subfield>
  </datafield>
  <datafield tag="504" ind1=" " ind2=" ">
    <subfield code="a">&#x997;&#x9CD;&#x9B0;&#x9A8;&#x9CD;&#x9A5;&#x9AA;&#x99E;&#x9CD;&#x99C;&#x9BF; : &#x9AA;&#x9BE;&#x9A4;&#x9BE; &#x9E9;&#x9E7;&#x9E8;-&#x9E9;&#x9E7;&#x9EF;</subfield>
  </datafield>
  <datafield tag="650" ind1=" " ind2=" ">
    <subfield code="a">&#x9B6;&#x9BF;&#x9B2;&#x9CD;&#x9AA;</subfield>
    <subfield code="v">&#x9AB;&#x9BF;&#x9B2;&#x9CD;&#x9AE; &#x9AE;&#x9C7;&#x995;&#x9BE;&#x9B0;</subfield>
    <subfield code="9">14464</subfield>
  </datafield>
  <datafield tag="650" ind1=" " ind2=" ">
    <subfield code="a">Artistic</subfield>
    <subfield code="v">Film Maker</subfield>
    <subfield code="9">14465</subfield>
  </datafield>
  <datafield tag="700" ind1=" " ind2=" ">
    <subfield code="a">&#x9B9;&#x9CB;&#x9B8;&#x9C7;&#x9A8;, &#x98F;&#x9B8;. &#x98F;&#x9AE;. &#x99C;&#x9BE;&#x9B9;&#x9BF;&#x9A6;, &#x9A4;&#x9A4;&#x9CD;&#x9A4;&#x9CD;&#x9AC;&#x9BE;&#x9AC;&#x9A7;&#x9BE;&#x9AF;&#x9BC;&#x995; </subfield>
    <subfield code="9">1085</subfield>
  </datafield>
  <datafield tag="942" ind1=" " ind2=" ">
    <subfield code="2">ddc</subfield>
    <subfield code="c">THE</subfield>
  </datafield>
  <datafield tag="999" ind1=" " ind2=" ">
    <subfield code="c">84384</subfield>
    <subfield code="d">84384</subfield>
  </datafield>
  <datafield tag="952" ind1=" " ind2=" ">
    <subfield code="1">0</subfield>
    <subfield code="2">ddc</subfield>
    <subfield code="4">0</subfield>
    <subfield code="7">1</subfield>
    <subfield code="8">THESES</subfield>
    <subfield code="a">RUCL</subfield>
    <subfield code="b">RUCL</subfield>
    <subfield code="c">Doc/The</subfield>
    <subfield code="d">2024-11-24</subfield>
    <subfield code="e">Controller of Exam. R.U.</subfield>
    <subfield code="l">0</subfield>
    <subfield code="o">BTHE 796.442 KAC 2022</subfield>
    <subfield code="p">D5053</subfield>
    <subfield code="r">2024-11-28 00:00:00</subfield>
    <subfield code="t">C-I</subfield>
    <subfield code="y">THE</subfield>
  </datafield>
</record>
